| 000 | 00972cam a22003135a 4500 | ||
|---|---|---|---|
| 001 | 17215023 | ||
| 003 | LC | ||
| 005 | 20160314111045.0 | ||
| 008 | 120317s1996 nyu 000 1 eng d | ||
| 010 | _a 96096032 | ||
| 020 | _a0380781859 | ||
| 035 | _a(OCoLC)ocm35110007 | ||
| 040 |
_aCLE _cCLE _dSVP _dJNA _dDAY _dOCL _dOCLCG _dBAKER _dJBO _dOBE _dDLC |
||
| 042 | _alccopycat | ||
| 050 | 0 | 0 |
_aPS 3564 _b.N424 1996 |
| 082 |
_aFIC _bN33v 1996 |
||
| 100 | 1 |
_aNelson, Ray Faraday, _d1931- _920654 |
|
| 245 | 1 | 0 |
_aVirtual zen / _cRay Nelson. |
| 260 |
_aNew York : _bAvon Books, _cc1996. |
||
| 300 |
_a220 p. : _c18 cm. |
||
| 650 | 0 |
_aScience fiction, American. _917461 |
|
| 650 | 0 |
_aMusicians _vFiction. _920655 |
|
| 655 | 7 |
_aScience fiction. _2gsafd _91889 |
|
| 710 | 2 |
_aCopyright Paperback Collection (Library of Congress) _5DLC _9705 |
|
| 906 |
_a0 _bibc _ccopycat _d2 _eepcn _f20 _gy-genrareb |
||
| 942 |
_2lcc _cBK |
||
| 999 |
_c11577 _d11577 |
||